MARC

LEADER 00000nam0a2200000 4500
001 677097
005 20241203094422.0
090 |a 677097 
100 |a 20241203d1979 m||y0rusy50 ca 
101 |a rus 
102 |a RU 
105 |a a z 001yy 
181 0 |a i   |b  e  
182 0 |a n 
183 0 |a nc  |2 RDAcarrier 
200 1 |a Мой край Дагестан  |f А. М. Османов 
203 |a Текст  |b визуальный  |c непосредственный 
210 |a Москва  |c Мысль  |d 1979 
215 |a 143 с.  |c ил. 
283 |a volume  |2 RDAcarrier 
320 |a Литература: с. 140-142 
606 |a Дагестан, республика  |x История  |9 83022 
610 1 |a природа 
610 1 |a ресурсы 
610 1 |a народное хозяйство 
610 1 |a районы 
610 1 |a города 
686 |2 rubbk  |a Т3(235.7) 
700 1 |a Османов  |b А. М.  |g Абакар Магомедович 
801 0 |a RU  |b 63413507  |c 20241203 
830 |a Ретро2024Каталогизация Мотырева 
850 |a 63413507 
942 |c BK